MARC details
| 000 -LEADER |
| fixed length control field |
02830cam a2200397 i 4500 |
| 001 - CONTROL NUMBER |
| control field |
18461526 |
| 003 - CONTROL NUMBER IDENTIFIER |
| control field |
GZU |
| 005 - DATE AND TIME OF LATEST TRANSACTION |
| control field |
20200902150123.0 |
| 008 - FIXED-LENGTH DATA ELEMENTS--GENERAL INFORMATION |
| fixed length control field |
150123s2015 nyua b 001 0 eng c |
| 010 ## - LIBRARY OF CONGRESS CONTROL NUMBER |
| LC control number |
2015002392 |
| 020 ## - INTERNATIONAL STANDARD BOOK NUMBER |
| International Standard Book Number |
9781138860605 (hardback) |
| 020 ## - INTERNATIONAL STANDARD BOOK NUMBER |
| International Standard Book Number |
9781138860612 (pbk.) |
| 020 ## - INTERNATIONAL STANDARD BOOK NUMBER |
| International Standard Book Number |
9781315716381 (ebook) |
| 040 ## - CATALOGING SOURCE |
| Original cataloging agency |
IEN/DLC |
| Language of cataloging |
eng |
| Transcribing agency |
IEN |
| Description conventions |
rda |
| Modifying agency |
DLC |
| 042 ## - AUTHENTICATION CODE |
| Authentication code |
pcc |
| 043 ## - GEOGRAPHIC AREA CODE |
| Geographic area code |
f------ |
| 050 00 - LIBRARY OF CONGRESS CALL NUMBER |
| Classification number |
CC72 |
| Item number |
THE 2015 |
| 082 00 - DEWEY DECIMAL CLASSIFICATION NUMBER |
| Classification number |
960/.1 |
| Edition number |
23 |
| 245 00 - TITLE STATEMENT |
| Title |
Theory in Africa, Africa in theory : |
| Remainder of title |
locating meaning in archaeology / |
| Statement of responsibility, etc. |
edited by Stephanie Wynne-Jones and Jeffrey B. Fleisher. |
| 264 #1 - PRODUCTION, PUBLICATION, DISTRIBUTION, MANUFACTURE, AND COPYRIGHT NOTICE |
| Place of production, publication, distribution, manufacture |
New York, NY : |
| Name of producer, publisher, distributor, manufacturer |
Routledge, Taylor & Francis Group, |
| Date of production, publication, distribution, manufacture, or copyright notice |
2015. |
| 300 ## - PHYSICAL DESCRIPTION |
| Extent |
xi, 295 pages : |
| Other physical details |
illustrations ; |
| Dimensions |
24 cm |
| 336 ## - CONTENT TYPE |
| Content type term |
text |
| Content type code |
txt |
| Source |
rdacontent |
| 337 ## - MEDIA TYPE |
| Media type term |
unmediated |
| Media type code |
n |
| Source |
rdamedia |
| 338 ## - CARRIER TYPE |
| Carrier type term |
volume |
| Carrier type code |
nc |
| Source |
rdacarrier |
| 504 ## - BIBLIOGRAPHY, ETC. NOTE |
| Bibliography, etc. note |
Includes bibliographical references and index. |
| 505 00 - FORMATTED CONTENTS NOTE |
| Title |
Theory in Africa : Africa in theory / |
| Statement of responsibility |
Stephanie Wynne-Jones and Jeffrey B. Fleisher -- |
| Title |
African models in global histories / |
| Statement of responsibility |
Scott MacEachern -- |
| Title |
The problem of equifinality in archaeology / |
| Statement of responsibility |
Felix Chami -- |
| Title |
The place of Africa in theory / |
| Statement of responsibility |
Henrietta L. Moore -- |
| Title |
Problems with practice : dynamic interpretation in African archaeology / |
| Statement of responsibility |
Stephanie Wynne-Jones -- |
| Title |
Situating the Swahili house / |
| Statement of responsibility |
Jeffrey B. Fleisher -- |
| Title |
Pioneers of archaeological thought and practice in postcolonial Nigeria / |
| Statement of responsibility |
Akinwumi Ogundiran -- |
| Title |
Settlements and culture : cognitive models in African prehistory / |
| Statement of responsibility |
Thomas N. Huffman -- |
| Title |
Material expressions of religious identity in Ghana / |
| Statement of responsibility |
Kodzo Gavua -- |
| Title |
What kind of science is archaeology? Iron age studies in southern Africa / |
| Statement of responsibility |
Per Ditlef Fredriksen -- |
| Title |
Iron age imaginaries and barbarian encounters : European prehistory's African past / |
| Statement of responsibility |
Paul Lane -- |
| Title |
The African state in theory : thoughts on political landscapes and the limits of rule in Atlantic Senegal (and elsewhere) / |
| Statement of responsibility |
François G. Richard -- |
| Title |
Broadening the archaeological perspective : some lessons from the sub-Saharan African landscape? / |
| Statement of responsibility |
Timothy Insoll -- |
| Title |
Off the coast, but hopefully not too off-the-cuff : thoughts on anthropological archaeology and theory in practice in Africa / |
| Statement of responsibility |
Susan Kus -- |
| Title |
Archaeology of a continent, in theory / |
| Statement of responsibility |
Wendy Ashmore -- |
| Title |
Anthropology, archaeology and African studies : some thoughts on theory, stuff and the possibilities of a new Afro-centrism / |
| Statement of responsibility |
Joost Fontein. |
| 650 #0 - SUBJECT ADDED ENTRY--TOPICAL TERM |
| Topical term or geographic name entry element |
Archaeology |
| General subdivision |
Philosophy. |
| 650 #0 - SUBJECT ADDED ENTRY--TOPICAL TERM |
| Topical term or geographic name entry element |
Archaeology |
| Geographic subdivision |
Africa. |
| 650 #0 - SUBJECT ADDED ENTRY--TOPICAL TERM |
| Topical term or geographic name entry element |
Excavations (Archaeology) |
| Geographic subdivision |
Africa. |
| 651 #0 - SUBJECT ADDED ENTRY--GEOGRAPHIC NAME |
| Geographic name |
Africa |
| General subdivision |
Antiquities. |
| 700 1# - ADDED ENTRY--PERSONAL NAME |
| Personal name |
Wynne-Jones, Stephanie. |
| 700 1# - ADDED ENTRY--PERSONAL NAME |
| Personal name |
Fleisher, Jeffrey B. |
| 906 ## - LOCAL DATA ELEMENT F, LDF (RLIN) |
| a |
7 |
| b |
cbc |
| c |
orignew |
| d |
1 |
| e |
ecip |
| f |
20 |
| g |
y-gencatlg |
| 942 ## - ADDED ENTRY ELEMENTS (KOHA) |
| Source of classification or shelving scheme |
Library of Congress Classification |
| Koha item type |
Books |
| Classification part |
72 |
| Item part |
THE |
| Call number prefix |
CC |